Statistiques concernant Taylor Swift - Paroles Miss Americana and The Heartbreak Prince

Cliquez ici pour prendre le quiz!

Statistiques générales

  • Ce quiz a été pris 76 fois
  • Le résultat moyen est 367 sur 500

Statistiques - réponses

HintRéponse% Correct
a
100%
I
100%
whisper in the hallway, "She's a bad, bad girl" She's a bad, bad girl
100%
you
100%
(you
100%
Couplet 1You
100%
you,
100%
The
98%
the
98%
and
95%
And
95%
me,
94%
me
94%
American
92%
in
91%
Pré-refrainNo
91%
Heartbreak
89%
it
89%
know
89%
know)
89%
Miss
89%
Prince
89%
Who
89%
(win),
89%
(win)
89%
win
89%
bad
88%
bad,
88%
girl"
88%
I'm
88%
It's
88%
like
88%
(like
88%
That
88%
this
88%
this)
88%
be
86%
my
86%
Couplet 2My
86%
play
86%
Americana
84%
for
84%
that's
84%
whole
84%
adore
83%
games,
83%
is
83%
whisper
83%
stupid
81%
there
81%
there,
81%
to
81%
To
81%
world
81%
nothing
80%
then,
80%
16,
78%
"She's
78%
we
78%
coming,
77%
hallway,
77%
lost
77%
school
77%
They
77%
was
77%
been
73%
crazier
73%
fake
73%
long
73%
see
73%
there's
73%
time
73%
prizes
72%
with
72%
but
70%
dice
70%
scene
70%
(go),
69%
(go)
69%
film
67%
at
66%
blue)
66%
blue
66%
(okay)
66%
rolling
66%
town
66%
where
66%
before
64%
glory
63%
home
63%
paint
63%
(paint
63%
run
63%
so
63%
away
61%
don't
61%
prom
61%
are
59%
counted
59%
faded
59%
now
59%
Now
59%
we're
59%
We're
59%
'cause
58%
'Cause
58%
days,
58%
dress
58%
miles
58%
should
58%
sad,
56%
feeling
55%
life
55%
(okay)
55%
really
55%
Than
55%
gonna
53%
losing,
53%
most
53%
one
53%
only
53%
team
53%
wanna
53%
Waving
53%
cameras
52%
storm
52%
want
52%
(fight)
50%
guys
50%
scared
50%
care
48%
men?
48%
nobody's
48%
Oh,
48%
queens,
48%
seems
48%
Darling,
47%
hopeless,
47%
likely
47%
stories
47%
boys
45%
Boys
45%
catch
45%
high
45%
homecoming
45%
lights
45%
smile
45%
ripped
44%
wise
44%
playing
42%
between
41%
burning
39%
come
39%
depressed
39%
let
39%
never
39%
saw
39%
think
39%
up
39%
fives
38%
marching
38%
ran
38%
Voted
38%
will
38%
band
36%
rose
36%
helpless,
34%
pageant
34%
Running
34%
battered
33%
bruising
33%
head
33%
I'll
31%
someday
31%
through
31%
(ah)
30%
damsels
30%
thorns,
30%
cries
28%
just
27%
Leave
27%
scoreboard
27%
muffled
25%
hung,
22%
thought
22%

Distribution des résultats

Percentile par nombre de réponses

% des personnes avec chaque résultat

Votre développement - résultats

Vous n’avez pas pris ce quiz